000
00349nam a2200157Ia 4500
003
OSt
005
20240210114046.0
008
170524s9999 xx 000 0 und d
020
_a
978-0071077521
040
_c
IIMT UNIVERSITY
100
_a
LEVIN PETER
100
_c
2011
245
0
_a
SKILL FUL TIME MANAGEMENT
260
_a
TMH
942
_2
ddc
_c
02
999
_c
2789
_d
2789